000 00827nam a2200277 a 4500
001 000011315
003 DO-SdBNP
005 20170927130847.0
007 000011315
008 091016s1986 dr a 000 p spa d
040 _aBPMSU
_bspa
_cBPMSU
082 4 _aRD861.44
_bT266p
100 1 _aTejada, Josemón
_d1959
245 1 0 _aPara la humanitud :
_b(poemas) /
_cJosemón Tejada.
260 0 _aSanto Domingo :
_bBiblioteca Nacional,
_c1986.
300 _a58 p. :
_bil. ;
_c21 cm.
490 1 _aOrfeo
500 _aIncluye datos biográficos del autor en la contraportada
650 4 _aPOESÍA DOMINICANA
650 4 _aLITERATURA DOMINICANA
830 0 _aOrfeo
910 _aValidado. Control de calidad MFF
942 _2ddc
_cBK
945 _a Inventariado / 2017 VM
956 _aVMATEO
_b10
_c2015150423
_lBPMSU
_h00151
999 _c7680
_d7680